<?xml version="1.0" encoding="UTF-8"?>
<record
    xmlns:xsi="http://www.w3.org/2001/XMLSchema-instance"
    xsi:schemaLocation="http://www.loc.gov/MARC21/slim http://www.loc.gov/standards/marcxml/schema/MARC21slim.xsd"
    xmlns="http://www.loc.gov/MARC21/slim">

  <leader>00702nam a22002177a 4500</leader>
  <controlfield tag="005">20230425155215.0</controlfield>
  <controlfield tag="008">230421b           ||||| |||| 00| 0 eng d</controlfield>
  <datafield tag="020" ind1=" " ind2=" ">
    <subfield code="a">9789391679897</subfield>
  </datafield>
  <datafield tag="040" ind1=" " ind2=" ">
    <subfield code="c">AIMIT LIBRARY</subfield>
  </datafield>
  <datafield tag="082" ind1=" " ind2=" ">
    <subfield code="2">6</subfield>
    <subfield code="a">336.242</subfield>
    <subfield code="b">RAVM</subfield>
  </datafield>
  <datafield tag="100" ind1=" " ind2=" ">
    <subfield code="a">Ravi, M N.</subfield>
    <subfield code="9">91407</subfield>
  </datafield>
  <datafield tag="245" ind1=" " ind2=" ">
    <subfield code="a">GST and customs duty /</subfield>
    <subfield code="c">By Ravi  M N, Bhanu Prakash B E and Suman Shetty N.</subfield>
  </datafield>
  <datafield tag="250" ind1=" " ind2=" ">
    <subfield code="a">6th ed.</subfield>
  </datafield>
  <datafield tag="260" ind1=" " ind2=" ">
    <subfield code="a">Hyderabad :</subfield>
    <subfield code="b">Professional Books Publisher ,</subfield>
    <subfield code="c">2023.</subfield>
  </datafield>
  <datafield tag="300" ind1=" " ind2=" ">
    <subfield code="a">vii,336 p,;</subfield>
    <subfield code="b">PB</subfield>
    <subfield code="c">24.7 cm.</subfield>
  </datafield>
  <datafield tag="650" ind1=" " ind2=" ">
    <subfield code="a">GST act 2017</subfield>
    <subfield code="9">91408</subfield>
  </datafield>
  <datafield tag="650" ind1=" " ind2=" ">
    <subfield code="a">Procedure and incidence of GST</subfield>
    <subfield code="9">91409</subfield>
  </datafield>
  <datafield tag="700" ind1=" " ind2=" ">
    <subfield code="a">Prakash, B E Bhanu.</subfield>
    <subfield code="9">91410</subfield>
  </datafield>
  <datafield tag="700" ind1=" " ind2=" ">
    <subfield code="a">Shetty, N Suman.</subfield>
    <subfield code="9">91411</subfield>
  </datafield>
  <datafield tag="942" ind1=" " ind2=" ">
    <subfield code="2">ddc</subfield>
    <subfield code="c">BK</subfield>
    <subfield code="k">336.242 RAMN</subfield>
  </datafield>
  <datafield tag="999" ind1=" " ind2=" ">
    <subfield code="c">227247</subfield>
    <subfield code="d">227247</subfield>
  </datafield>
  <datafield tag="952" ind1=" " ind2=" ">
    <subfield code="0">0</subfield>
    <subfield code="1">0</subfield>
    <subfield code="2">ddc</subfield>
    <subfield code="4">0</subfield>
    <subfield code="7">0</subfield>
    <subfield code="8">MBA</subfield>
    <subfield code="a">AIMIT</subfield>
    <subfield code="b">AIMIT</subfield>
    <subfield code="d">2023-04-21</subfield>
    <subfield code="e">Biblios Book Point</subfield>
    <subfield code="g">310.00</subfield>
    <subfield code="i">Bill no:460; Bill dt:2023-04-18</subfield>
    <subfield code="l">1</subfield>
    <subfield code="o">336.242 RAVM</subfield>
    <subfield code="p">MBA14619</subfield>
    <subfield code="r">2025-07-21 00:00:00</subfield>
    <subfield code="s">2023-04-21</subfield>
    <subfield code="v">248.00</subfield>
    <subfield code="w">2023-04-21</subfield>
    <subfield code="y">BK</subfield>
  </datafield>
  <datafield tag="952" ind1=" " ind2=" ">
    <subfield code="0">0</subfield>
    <subfield code="1">0</subfield>
    <subfield code="2">ddc</subfield>
    <subfield code="4">0</subfield>
    <subfield code="7">0</subfield>
    <subfield code="8">MBA</subfield>
    <subfield code="a">AIMIT</subfield>
    <subfield code="b">AIMIT</subfield>
    <subfield code="d">2023-04-21</subfield>
    <subfield code="e">Biblios Book Point</subfield>
    <subfield code="g">310.00</subfield>
    <subfield code="i">Bill no:460; Bill dt:2023-04-18</subfield>
    <subfield code="l">1</subfield>
    <subfield code="o">336.242 RAVM</subfield>
    <subfield code="p">MBA14620</subfield>
    <subfield code="r">2025-11-29 10:50:50</subfield>
    <subfield code="s">2024-05-31</subfield>
    <subfield code="v">248.00</subfield>
    <subfield code="w">2023-04-21</subfield>
    <subfield code="y">BK</subfield>
  </datafield>
  <datafield tag="952" ind1=" " ind2=" ">
    <subfield code="0">0</subfield>
    <subfield code="1">0</subfield>
    <subfield code="2">ddc</subfield>
    <subfield code="4">0</subfield>
    <subfield code="7">0</subfield>
    <subfield code="8">MBA</subfield>
    <subfield code="a">AIMIT</subfield>
    <subfield code="b">AIMIT</subfield>
    <subfield code="d">2023-04-21</subfield>
    <subfield code="e">Biblios Book Point</subfield>
    <subfield code="g">310.00</subfield>
    <subfield code="i">Bill no:460; Bill dt:2023-04-18</subfield>
    <subfield code="l">0</subfield>
    <subfield code="o">336.242 RAVM</subfield>
    <subfield code="p">MBA14621</subfield>
    <subfield code="r">2025-07-21 00:00:00</subfield>
    <subfield code="v">248.00</subfield>
    <subfield code="w">2023-04-21</subfield>
    <subfield code="y">BK</subfield>
  </datafield>
</record>
